000
00275 a2200109 4500
245
_a
Mine boy
_h
print
700
_a
Abrahams, Peter
650
_a
literature
005
20191017172339.0
260
_a
enk
_b
D. Crisp
_c
[1946]
084
_a
PZ3.A1576 Mi
300
_a
183 p. 19 cm.
_b
183 p. 19 cm.
_c
183 p. 19 cm.
999
_c
8765
_d
8765